01493nam a2200361 a 4500001001000000003000500010005001700015008004100032010001100073011001100084040000900095090001000104100004600114245011900160260004100279500006000320502007500380590003700455590004000492590004000532650003700572650004100609650005300650650003400703856001600737856007000753901000700823942001000830942000600840999001900846952013100865952013500996000114616CHAP20220329144449.0180309s2017 mx |sm |||||||spa d a111077 a112049 cCHAP aTesis1 aCarrillo León, María Fernanda913480410aAlgunos factores que afectan la calidad de ovocitos en ovinosh[En línea]cpor María Fernanda Carrillo León. aChapingo, Méx. :bEl autor,c2017. aPara ver el contenido del material haga clic en la liga aTesis (Ing. Agr. Esp. en Zootecnia) -- UACH. Departamento de Zootecnia aBATCHb00c20181121lUCH01h0759 aE6337LMJb05c20180309lUCH01h1214 aE6337LMJb05c20180309lUCH01h121414aGanado lanarxFecundidad.94518114aGanado lanarxReproducción.94522014aGanado lanarxTecnología reproductiva.913480314aOvariosxMetabolismo.9134802 a1 n0001343 aFinding aiduhttp://10.13.5.2/tesis/sist114616.pdfzTeclea aquí aBK cTESIS n0 c111077d111077 00104054718TESISaBCbBCd2018-03-09fTESISl0oTesisp114617-10r2019-12-31 00:00:00w2019-12-31yTESISzRecien adquirido 00102local4053708TESISaBCbBCcPA_TESISd2018-03-09fTESISl0oTesisp114617-20r2019-12-31 00:00:00tc.2w2019-12-31yTESIS